000 00880nam a2200253 i 4500
001 10762
003 ES-MaACL
005 20251004063041.0
007 t|
008 921112s1990 sp |||| | spa d
020 _a84-206-2652-X
080 _a860-14.09"10"
100 1 _aGarcía Gómez, Emilio,
_d1905-1995
_954690
245 1 4 _aLas jarchas romances de la serie árabe en su marco
_b: edición en caracteres latinos, versión española en calco rítmico y estudio de 43 moaxajas andaluzas /
_cEmilio García Gómez.
260 _aMadrid :
_bAlianza Editorial,
_cD.L. 1990.
300 _a467 p. ;
_c20 cm.
490 1 _aAlianza universidad ;
_v652
500 _aGlosario.
500 _aÍndice.
650 4 _aJarchas-
_vHistoria y crítica.
_913932
830 0 _aAlianza universidad ;
_v652
_9177276
852 _aES-MaACL
_jL-18183
999 _c10762
_d10762